| 000 | 01085cab a2200313 4500 | ||
|---|---|---|---|
| 001 | ABS53499 | ||
| 008 | 090401t1995 xxu||||| |||| 00| 0 eng d | ||
| 035 | _a(Sirsi) u4728 | ||
| 041 | _aeng | ||
| 245 | _aSelf contained accommodation | ||
| 260 | _c1995 | ||
| 350 | _a0 | ||
| 490 |
_aInstitute of Revenues Rating and Valuation Journal _vAugust 1995, 171-172(2) |
||
| 520 | _aConsiders four recent decisions concerning the definition of `self contained units` in regulation 2 of the Council Tax (Chargeable Dwellings) Order 1992 (SI 1992:549). | ||
| 650 | _aBATTY V BURFOOT | ||
| 650 | _aBATTY V MERRIMAN | ||
| 650 | _aCHERWELL DC V HODGES | ||
| 650 | _aCOUNCIL TAX (ALTERATION OF LISTS AND APPEALS) REGULATIONS 1993 | ||
| 650 | _aCOUNCIL TAX (CHAREABLE DWELLINGS) ORDER 1992 | ||
| 650 | _aCOUNCIL TAX | ||
| 650 | _aGILBERT V CHILDS | ||
| 650 | _aROD V RICHINGS | ||
| 650 | _aSELF CONTAINED UNITS | ||
| 650 | _aSEPARATE DWELLINGS | ||
| 650 | _aSTEVENS V EAST HAMPSHIRE VALUATION TRIBUNAL | ||
| 690 | _aRATING AND VALUATION | ||
| 942 | _n0 | ||
| 948 | _c04/03/1997 | ||
| 999 |
_c2865 _d2865 |
||